Handbook of public water systems / (Record no. 550695)

000 -LEADER
fixed length control field 00716cam a2200193 a 4500
020 ## - INTERNATIONAL STANDARD BOOK NUMBER
International Standard Book Number 0442215975
082 00 - DEWEY DECIMAL CLASSIFICATION NUMBER
Classification number 628.1
Author Mark HAN
-- L-23, P-27
245 00 - TITLE STATEMENT
Title Handbook of public water systems /
Statement of responsibility, etc. Culp/Wesner/Culp ; edited by Robert B. Williams, Gordon L. Culp.
260 ## - PUBLICATION, DISTRIBUTION, ETC.
Place of publication, distribution, etc. New York :
Name of publisher, distributor, etc. Van Nostrand Reinhold,
Date of publication, distribution, etc. c1986.
300 ## - PHYSICAL DESCRIPTION
Extent xiv, 1113 p. :
Other physical details ill. ;
Dimensions 24 cm.
526 ## - STUDY PROGRAM INFORMATION NOTE
Program name 0
Interest level 0
Reading level 0
Title point value 628_100000000000000_HAN
650 #0 - SUBJECT ADDED ENTRY--TOPICAL TERM
Topical term or geographic name entry element Municipal water supply
Geographic subdivision United States.
9 (RLIN) 47433
650 #0 - SUBJECT ADDED ENTRY--TOPICAL TERM
Topical term or geographic name entry element Water quality
Geographic subdivision United States.
9 (RLIN) 47434
650 #0 - SUBJECT ADDED ENTRY--TOPICAL TERM
Topical term or geographic name entry element Water
General subdivision Purification
Geographic subdivision United States.
9 (RLIN) 47435
700 1# - ADDED ENTRY--PERSONAL NAME
Personal name Culp, Gordon L.
9 (RLIN) 47436
700 1# - ADDED ENTRY--PERSONAL NAME
Personal name Williams, Robert B.
9 (RLIN) 47437
710 2# - ADDED ENTRY--CORPORATE NAME
Corporate name or jurisdiction name as entry element Culp/Wesner/Culp.
9 (RLIN) 47438
942 ## - ADDED ENTRY ELEMENTS (KOHA)
Source of classification or shelving scheme
Koha item type Book
Holdings
Withdrawn status Lost status Source of classification or shelving scheme Damaged status Not for loan Permanent Location Current Location Date acquired Total Checkouts Full call number Barcode Date last seen Price effective from Koha item type
          Military College of Engineering (MCE) Military College of Engineering (MCE) 11/19/2014   628.1 HAN MCE-24322 11/19/2014 11/19/2014 Book
© 2023 Central Library, National University of Sciences and Technology. All Rights Reserved.